Speciation by hybridization in Heliconius butterflies (Registro nro. 13207)

Detalles MARC
000 -CABECERA
Campo de control 005920000a22002050004500
090 ## - CLASIFICACIÓN LOCAL
Colección AR
Consecutivo 04109
041 0# - IDIOMA
Código de idioma para texto/pista de sonido o título separado
100 1# - ASIENTO PRINCIPAL--NOMBRE PERSONAL
Nombre personal Mavárez, Jesús
245 10 - MENCION DE TITULO
Título Speciation by hybridization in Heliconius butterflies
260 ## - PUBLICACION, DISTRIBUCION, ETC. (PIE DE IMPRENTA)
Fecha de publicación, distribución, etc. 2006
650 14 - ASIENTO SECUNDARIO DE MATERIA - TERMINO TEMATICO
Término temático o nombre geográfico como elemento de entrada Hibridación
653 ## - TERMINO DE INDIZACION - NO CONTROLADO
-- Heliconius heurippa
700 1# - ASIENTO SECUNDARIO - NOMBRE PERSONAL
Nombre personal Salazar, Camilo A.
700 1# - ASIENTO SECUNDARIO - NOMBRE PERSONAL
Nombre personal Bermingham, Eldredge
700 1# - ASIENTO SECUNDARIO - NOMBRE PERSONAL
Nombre personal Salcedo, Christian
700 1# - ASIENTO SECUNDARIO - NOMBRE PERSONAL
Nombre personal Jiggins, Chris D.
700 1# - ASIENTO SECUNDARIO - NOMBRE PERSONAL
Nombre personal Linares, Mauricio
773 1# - Item fuente:
Título Nature
Descripción física 4738
Paginas del Articulo 868-871
Lugar, editorial y fecha de publicación 2006
Información sobre la relación 441
942 ## - ELEMENTOS ADICIONALES (KOHA)
Tipo de ítem Artículo
Existencias
Withdrawn status Lost status Damaged status No para préstamo Colección Ubicación Permanente Ubicación actual Fecha de adquisición Fuente de Valor Datos de publicación Seriada Total Checkouts Número topográfico Inventario / Código de Barras Date last seen Ejemplar Price effective from Forma de adquisición Tipo de material
      No para Préstamo Hemeroteca Bogotá Bogotá 27/02/2015 Universidad de los Andes Fuera de circulación   AR 04109 023221 25/03/2015 1 25/03/2015   Artículo